| 000 | 00445nam a2200157Ia 4500 | ||
|---|---|---|---|
| 008 | 231217s9999 xx 000 0 und d | ||
| 020 | _a8180000000000 | ||
| 041 | _aEnglish | ||
| 082 | _a658.4012 MAN;1 R | ||
| 100 | _aMantravadi, Pramod M ed. | ||
| 245 | 0 | _aSoftware and services : case studies in e-business | |
| 260 |
_c2002 _bICFAI Press _aHyderabad |
||
| 300 | _axvii, 203+xiv | ||
| 650 | _aSoftware,studies,e-business | ||
| 942 | _cAA | ||
| 999 |
_c191376 _d191376 |
||